=LDR 00000nam 2200000 4500 =001 INLIS000000000017091 =005 20130612112300 =008 ***********************************Ind** =035 ##$$0010-061300000017091 =041 ##$$a Ind =082 ##$$a 616.936 2 =090 ##$$a 616.936 2, Pra m =100 ##$$a Prabowo, Arlan =245 ##$$a Malaria mencegah dan mengatasinya, Arlan Prabowo =260 ##$$a 2004 $b Jakarta =300 ##$$a iv, 50 hlm, Ilus, 20 cm =650 ##$$a Malaria =850 ##$$a NBPNMAT